000 01054nac a22003257a 4500
001 BR2010000745
003 BR-BrBNA
005 20240105123808.0
008 230509b bl.|||m| |||| 00| 0 por d
040 _aBR-BrBNA
_bpor
_cBiblioteca Nacional de Agricultura
072 _aF04
090 _a0120 BR2010000745
100 1 _aRodrigues, J.E.L.F.
100 1 _aTeixeira, R.N.G.
100 1 _aBotelho, S.M.
110 1 _aEMBRAPA Amazônia Oriental, Belém PA (Brasil)
245 1 _aNitrogênio, fósforo e potássio para o milho na agricultura familiar, em Salvaterra, PA
260 3 _aBelém, PA (Brasil):
_c2008.
300 _a4 p.
490 _aComunicado Técnico - EMBRAPA Amazônia Oriental (Brazil)
_vno. 173
_xISSN 1517-2244
650 _aMILHO
650 _aADUBAÇÃO
650 _aFERTILIZANTE NITROGENADO
650 _aFERTILIZANTE POTÁSSICO
650 _aFERTILIZANTE FOSFATADO
650 _aAGRICULTURA FAMILIAR
650 _aPRODUTIVIDADE
909 _a202312
_bLúcia Elande
_c55
_dLúcia Elande
942 _2AGRIS
_n0
_cMS
999 _c297029
_d297029